Most Appearances in the Champions League by Footballers From Germany - Statistics

General Stats
  • This quiz has been taken 175 times
    165 since last reset
  • The average score is 20 of 26
Answer Stats
# Apps. Main Team(s) Years Pos. Answer % Correct
1 146 Bayern Munich 2008- FW/AM Thomas Müller
100%
3 133 Bayern Munich, Schalke 04 2007-'08, 2010- GK Manuel Neuer
99%
2 143 Real Madrid, Bayern Munich 2008-'09, 2010- MF Toni Kroos
98%
5 103 Bayern Munich 1994-'95, 1997-'07 GK Oliver Kahn
96%
4 112 Bayern Munich, Vfb Stuttgart 2002-'04, 2005-'07, 2008-'17 RB Philipp Lahm
95%
8 92 Manchester City, Borussia Dortmund 2011-'13, 2014-'15, 2016- MF İlkay Gündoğan
94%
11 80 Barcelona 2014- GK Marc-André ter Stegen
94%
10 82 Borussia Dortmund, Bayern Munich 2011-'15, 2016- CB Mats Hummels
94%
7 93 Chelsea, Bayern Munich 1998-'99, 2000-'12 MF Michael Ballack
92%
6 95 Bayern Munich, Manchester United 2002-'07, 2008-'16 DM Bastian Schweinsteiger
90%
15 69 Real Madrid, Arsenal 2007-'09, 2010-'17 AM/LW Mesut Özil
89%
23 53 Bayern Munich, Manchester Ctiy 2014-'15, 2016-'19, 2020- RW/AM Leroy Sané
87%
19 64 Borussia Dortmund 2012-'15, 2016- AM/FW Marco Reus
87%
12 77 Real Madrid, Juventus 2007-'08, 2009-'20 MF Sami Khedira
87%
9 85 Bayern Munich 2011-2021 DF Jérôme Boateng
85%
13 75 Bayern Munich 2015- MF Joshua Kimmich *
85%
17 67 Arsenal, Borussia Dortmund 1999-'00, 2001-'10 GK Jens Lehmann
80%
18 66 Paris Saint-Germain, Schalke 04 2010-'11, 2012-'23 LW/AM Julian Draxler
80%
15 69 Borussia Dortmund, Bayern Munich 2011-'20, 2022-'23 AM/RW Mario Götze
77%
22 54 Arsenal, Werder Bremen 2006-'09, 2010-'16 CB Per Mertesacker
73%
24 52 Borussia Dortmund, Bayer Leverkusen 2013-'17, 2019- AM Julian Brandt
54%
20 62 Bayern Munich, Bayer Leverkusen 2000-'03, 2004-'05, 2008-'12 GK Hans Jörg Butt
53%
14 70 Bayern Munich 1994-'95, 1997-'07 AM/LM Mehmet Scholl
34%
25 51 Bayern Munich 1994-'95, 1997-'03 FW Alexander Zickler
15%
21 60 Borussia Dortmund, Bayern Munich 1989-'91, 1995-'98, 1999-'00, 2001-'03 RB/RM Stefan Reuter
13%
25 51 Bayern Munich 1997-2003 DM Thorsten Fink
10%
No matching quizzes found
Score Distribution
Percent of People with Each Score
Percentile by Number Answered
Your Score History
You have not taken this quiz since the last reset